Em nome do filho / (Record no. 487)

MARC details
000 -LÍDER
campo de controle de tamanho fixo 01134nam a22003014a 4500
001 - NÚMERO DE CONTROLE
campo de controle 487
003 - IDENTIFICADOR DO NÚMERO DE CONTROLE
campo de controle OSt
005 - DATA E HORÁRIO DA ÚLTIMA TRANSAÇÃO
campo de controle 20250903155853.0
008 - CAMPO DE DADOS FIXOS--INFORMAÇÃO GERAL
campo de controle de tamanho fixo 940701s19930000bmg 000 1 por u
020 ## - ISBN - INTERNATIONAL STANDARD BOOK NUMBER
ISBN - International Standard Book Number 8532904327
040 ## - FONTE DA CATALOGAÇÃO
Idioma da catalogação por
041 ## - CÓDIGO DE IDIOMA
Código do idioma do original e/ou traduções intermediárias do texto por
082 04 - CDD - CLASSIFICAÇÃO DECIMAL DE DEWEY
Número de Classificação 028.5
Número do exemplar A329e
100 1# - ENTRADA PRINCIPAL--NOME PESSOAL
Nome pessoal Albergaria, Lino de,
Datas associadas ao nome 1950-
9 (RLIN) 1039
245 10 - TÍTULO
Título Em nome do filho /
Indicação de responsabilidade, etc. Lino de Albergaria. -
250 ## - EDIÇÃO
Declaração de edição 3 ed
260 ## - PUBLICAÇÃO, DISTRIBUIÇÃO, ETC.
Local de publicação, distribuição, etc. Belo Horizonte :
Nome do editor, distribuidor, etc. Lê,
Data da publicação, distribuição, etc. 1993.
300 ## - DESCRIÇÃO FÍSICA
Extensão 95p. ;
500 ## - NOTA GERAL
Nota geral "Texto finalista da Bienal Nestle de Literatura."
520 ## - NOTA DE RESUMO, ETC.
Resumo, etc. Em nome do filho é um texto que sai sutilmente de outros textos. A epígrafe, um poema conhecido de Fernando Pessoa, é a própria página que o narrador lê, logo no início da trama. Jogo de espelhos, inversão da imagem no confronto entre pai e filho: esta é a chave da narrativa, expressa na perplexidade de Bernardo, o pai, diante de Bernardo, o filho.<br/><br/>
650 ## - ASSUNTO--TERMO TÓPICO
Cabeçalho tópico ou nome geográfico Literatura Brasileira
9 (RLIN) 205
650 ## - ASSUNTO--TERMO TÓPICO
Cabeçalho tópico ou nome geográfico Infantojuvenil
9 (RLIN) 200
650 #0 - ASSUNTO--TERMO TÓPICO
Cabeçalho tópico ou nome geográfico Amizade
9 (RLIN) 556
655 #0 - TERMO DE ÍNDICE--GÊNERO E FORMA
Gênero/forma/ou termo foco Romance
655 #0 - TERMO DE ÍNDICE--GÊNERO E FORMA
Gênero/forma/ou termo foco Ficção
830 ## - ENTRADA SECUNDÁRIA DE SÉRIE--TÍTULO UNIFORME
Título uniforme Os Narradores
9 (RLIN) 1045
942 ## - ELEMENTOS DE ENTRADA ADICIONADOS (KOHA)
Fonte de classificação ou esquema de arquivamento Classificação decimal de Dewey
Ocultar no OPAC Não
Tipo de material Koha Livros
Holdings
Situação do descarte Situação das perdas Fonte de classificação ou esquema de arquivamento Status danificado Não pode ser emprestado Coleção Biblioteca de origem Biblioteca atual Localização na estante Data de aquisição Fonte de aquisição Total de empréstimos Número de chamada completo Código de barras Data de último acesso Data do preço efetivo Tipo de material Koha
    Classificação decimal de Dewey     Ficção Biblioteca Professor Eduardo Afonso de Castro Biblioteca Professor Eduardo Afonso de Castro Infanto Juvenil 03.09.2025 doação   028.5 / A329e 2025-17420 03.09.2025 03.09.2025 Livros
    Classificação decimal de Dewey     Ficção Biblioteca Professor Eduardo Afonso de Castro Biblioteca Professor Eduardo Afonso de Castro Infanto Juvenil 03.09.2025 doação   028.5 / A329e 2025-17421 03.09.2025 03.09.2025 Livros

Powered by Koha